The Hunger Games: Minefields Quiz Stats

 Plays Quiz Updated Oct 28, 2018

Challenge
Share
Tweet
Score 0/48 Timer 06:00
1 Play Today
% Correct
???
87.3%
???
87.3%
???
87.3%
???
87.3%
???
71.4%
???
71.4%
???
71.4%
???
71.4%
???
53.8%
???
53.8%
???
53.8%
???
53.8%
???
46.7%
???
46.7%
???
46.7%
???
46.7%
???
42.4%
???
42.4%
???
42.3%
???
42.3%
???
42.1%
???
42.1%
???
42.1%
???
42.1%
% Correct
???
41.1%
???
41.1%
???
41.1%
???
41.1%
???
37.6%
???
37.6%
???
37.6%
???
37.6%
???
32.9%
???
32.9%
???
32.9%
???
32.9%
???
30.8%
???
30.8%
???
30.8%
???
30.8%
???
26.1%
???
26.1%
???
26.1%
???
26.1%
???
18.1%
???
18.1%
???
18.1%
???
18.1%

You're not logged in!

Compare scores with friends on all Sporcle quizzes.
OR
Log In

You Might Also Like...

Show Comments

Extras

Top Quizzes Today


Score Distribution

Your Account Isn't Verified!

In order to create a playlist on Sporcle, you need to verify the email address you used during registration. Go to your Sporcle Settings to finish the process.

Report this User

Report this user for behavior that violates our Community Guidelines.

Details: